Anuario estadístico del sector agropecuario 2012 : (Registro nro. 8046)

Detalles MARC
000 -CABECERA
Campo de control 00766nam a22001937a 4500
005 - FECHA Y HORA DE LA ULTIMA TRANSACCION
Campo de control 20180803165523.0
008 - ELEMENTOS DE LONGITUD FIJA—INFORMACION GENERAL
Campo de control 131213b2013 ck ||||| |||| 00| 0 spa d
022 ## - ISSN
ISSN 23464089
041 ## - IDIOMA
Código de idioma para texto/pista de sonido o título separado Español
044 ## - PAÍS DE PUBLICACIÓN
País de publicación Colombia
082 04 - NUMERO DE CLASIFICACION DECIMAL DEWEY
Número de clasificación 630
Número del ítem A63a
245 00 - MENCION DE TITULO
Título Anuario estadístico del sector agropecuario 2012 :
Parte restante del título resultados evaluaciones agropecuarias municipales
260 ## - PUBLICACION, DISTRIBUCION, ETC. (PIE DE IMPRENTA)
Lugar de publicación, distribución, etc. Bogotá
Nombre del editor, distribuidor, etc. Ministerio de Agricultura y Desarrollo Rural
Fecha de publicación, distribución, etc. 2013
300 ## - DESCRIPCION FISICA
Extensión 292 p.
Otros detalles físicos il. (col), tablas, mapas
Dimensiones 28 cm.
Material acompañante Ej. 1 CD-ROM CID-059631 / Ej. 2 CID-059629
650 ## - ASIENTO SECUNDARIO DE MATERIA - TERMINO TEMATICO
Término temático o nombre geográfico como elemento de entrada aAgricultura
Subdivisión de forma Estadísticas
-- Publicaciones seriadas
Subdivisión geográfica Colombia
651 ## - ASIENTO SECUNDARIO DE MATERIA - NOMBRE GEOGRAFICO
Nombre geográfico Colombia
Subdivisión de forma Publicaciones seriadas
710 1# - ASIENTO SECUNDARIO - NOMBRE CORPORATIVO
Nombre corporativo o de jurisdicción como elemento de entrada Colombia
Unidad subordinada Ministerio de Agricultura y Desarrollo Rural
942 ## - ELEMENTOS ADICIONALES (KOHA)
Sistema de clasificación Dewey Decimal Classification
Tipo de ítem Impreso
Existencias
Withdrawn status Lost status Sistema de Clasificación Damaged status No para préstamo Colección Inventariado Ubicación Permanente Ubicación actual Fecha de adquisición Fuente de Valor Valor Total Checkouts Número topográfico Inventario / Código de Barras Date last seen Ejemplar Price effective from Forma de adquisición Tipo de material
    Dewey Decimal Classification     General Inventariado 2017 Bogotá Bogotá 13/12/2013 Instituto 39000.00   LB-630 A63a 059628 13/12/2013 Ej. 1 13/12/2013   Libro
    Dewey Decimal Classification     General Inventariado 2017 Sala Fabio Quevedo Sala Fabio Quevedo 13/12/2013 Instituto 39000.00   LB-630 A63a 059625 13/12/2013 Ej. 2 13/12/2013   Libro